| 000 | 01190nac a22003611u 4500 | ||
|---|---|---|---|
| 003 | EG-ScBUE | ||
| 005 | 20220519105155.0 | ||
| 006 | m||||fq||h 00| 0 | ||
| 008 | 110804t2004 enk f 000 0 eng d | ||
| 020 | _a0194366294 | ||
| 020 | _a0194397068 | ||
| 020 | _a9780194397063 | ||
| 040 |
_aEG-ScBUE _beng _erda _cEG-ScBUE _dEG-ScBUE |
||
| 082 | 0 | 0 |
_a428.24 _bSHE _222 |
| 100 | 1 |
_aSherak, Katharine, _eauthor. _926563 |
|
| 245 | 1 | 0 |
_aGrammar Sense. _n3, _pTeacher's book / _cKatharine Sherak. |
| 246 | 3 | 0 | _aTeacher's book |
| 264 | 1 |
_aNew York, NY ; _aOxford : _bOxford University Press, _c[2004] |
|
| 264 | 4 | _cc2004 | |
| 300 |
_axviii, 130 pages ; _c24 cm + _e1 CD |
||
| 336 |
_2rdacontent _atext _btxt |
||
| 336 |
_2rdacontent _asounds _bsnd |
||
| 337 |
_2rdamedia _aunmediated _bn |
||
| 337 |
_2rdamedia _aaudio _bs |
||
| 338 |
_2rdacarrier _avolume _bnc |
||
| 338 |
_2rdacarrier _acomputer disc _bcd |
||
| 650 | 7 |
_aEnglish language _vTextbooks for foreign speakers. _926565 _2BUEsh |
|
| 650 | 7 |
_aEnglish language _xGrammar _vProblems, exercises, etc. _926566 _2BUEsh |
|
| 651 | _2BUEsh | ||
| 653 | _bHHUUEENN | ||
| 655 |
_vReading book _934232 |
||
| 942 |
_cBB _k428.24 SHE _2ddc |
||
| 999 |
_c9178 _d9178 |
||